| 000 | 01110nam a22003137a 4500 | ||
|---|---|---|---|
| 003 | CHAP | ||
| 005 | 20220329141758.0 | ||
| 008 | 971013s1977 r 00010 d | ||
| 010 | _a73699 | ||
| 011 | _a74671 | ||
| 035 | _a84230 | ||
| 040 | _cCHAP | ||
| 082 |
_a632.96 _bD4Y |
||
| 100 | 0 | 0 |
_aDebach, Paul. _931455 |
| 245 | _aLucha biológica contra los enemigos de las plantas | ||
| 260 |
_aMadrid : _bMundi-Prensa, _c1977 |
||
| 300 |
_a399 p. _b: ilus. ; gráfs. |
||
| 590 |
_aBATCH-UPD _b10 _c20130110 _lUCH01 _h2027 |
||
| 590 |
_aBATCH-UPD _b10 _c20130410 _lUCH01 _h1344 |
||
| 590 |
_aBATCH-UPD _b10 _c20130914 _lUCH01 _h1047 |
||
| 590 |
_aCONVERSION _b10 _c20130109 _lUCH01 _h1340 |
||
| 650 | 1 | 4 |
_aControl biológico de plagas. _927587 |
| 901 | _aBK | ||
| 942 | _cLIBRO | ||
| 949 |
_a632.96 D4Y _bBC _cLIBRO _d-39441 _eLIBRO _h46104 _i84230 _si _t471.00 |
||
| 949 |
_a632.96 D4Y _bBC _cLIBRO _d-39442 _eLIBRO _fc.2 _h46105 _i84230 _si _t471.00 |
||
| 949 |
_a632.96 D4Y _bBC _cLIBRO _d33724000183711 _eLIBRO _fc.3 _h5849 _i84230 _si _t471.00 |
||
| 949 |
_a632.96 D4Y _bBC _cLIBRO _d33724000660254 _eLIBRO _fc.4 _h6422 _i84230 _si _t471.00 |
||
| 999 |
_c73699 _d73699 |
||